| 000 | 00000nam##2200000za#4500 |
| 001 | 9.666917 |
| 003 | CaOODSP |
| 005 | 20210615123159 |
| 007 | ta |
| 008 | 150407|2005||||xxc||||| f|0| 0 eng|d |
| 020 | |a0-662-69352-3 |
| 040 | |aCaOODSP|beng |
| 041 | |aeng |
| 041 | |afre |
| 043 | |an-cn--- |
| 086 | 1 |aCH44-10/2005 |
| 110 | 1 |aCanada.|bCanadian Heritage. |bCultural Development and Heritage Branch. |
| 245 | 10|aSharing Canadian stories : |bcultural diversity at home and in the world |
| 260 | |aOttawa - Ontario : |bCanadian Heritage. |c2005. |
| 300 | |aEnglish text, 28p. : |billus., photographs ; |c28 cm. |
| 520 | 3 |aThis report discusses the role of the Canadian Heritage portfolio in preserving and promoting Canada’s heritage and culture. It discusses how the portfolio promotes the diversity of expression in Canada; nurtures artistic and cultural excellence; promotes cultural expression; supports cultural institutions and cultural infrastructure; promotes a shared Canadian heritage; and embraces new technology. |
| 563 | |aSoftcover |
| 590 | |a05-47|b2005-11-25 |
| 690 | 07|aCultural diversity|2gcpds |
| 776 | 0#|tRaconter le Canada : |w(CaOODSP)9.633148 |
| 776 | 0#|tSharing Canadian stories : |w(CaOODSP)9.688730 |
| 792 | |tRaconter le Canada : |efre|w(CaOODSP)9.666918 |